{"text_format":"3","workbook":"xlsx","n_sheets":1,"sheets":["t442"],"read":"whole","date_system":"1900"}

{"sheet":"t442","index":0,"n_rows":152,"n_cols":7,"rows_kept":152,"merged":[[0,0,0,6],[30,0,30,5],[42,0,42,5],[135,0,135,5]]}
["TABELA 442.1 - Estatísticas Agrícolas, Município de Pongaí, Estado de São Paulo, 2007/08."]
["ITEM","UNIDADE","N.DE UPAs","MÍNIMO","MÉDIO","MÁXIMO","TOTAL"]
["Distância à sede do município","km",241,0.5,{"v":5.72,"d":"5.7"},{"v":22,"d":"22.0"},"-"]
["Área total","hectare",241,0.5,{"v":69.82,"d":"69.8"},{"v":1129,"d":"1,129.0"},{"v":16826.4,"d":"16,826.4"}]
["Área com cultura perene","hectare",57,0.2,{"v":22.67,"d":"22.7"},{"v":280,"d":"280.0"},{"v":1292,"d":"1,292.0"}]
["Área com cultura temporária","hectare",60,0.2,63.3,983.7,{"v":3797.9,"d":"3,797.9"}]
["Área com pastagem","hectare",217,0.3,{"v":45.01,"d":"45.0"},384.1,{"v":9767.3,"d":"9,767.3"}]
["Área com reflorestamento","hectare",39,0.3,{"v":10.16,"d":"10.2"},{"v":101,"d":"101.0"},396.1]
["Área com vegetação natural","hectare",88,0.1,{"v":7.39,"d":"7.4"},69.6,650.6]
["Área com vegetação de brejo e várzea","hectare",211,0.1,{"v":3.19,"d":"3.2"},162.9,673.1]
["Área em descanso","hectare",5,{"v":1,"d":"1.0"},{"v":14.26,"d":"14.3"},{"v":32,"d":"32.0"},71.3]
["Área complementar","hectare",215,0.1,{"v":0.83,"d":"0.8"},{"v":6,"d":"6.0"},178.1]
["Área das UPAs com (0, 1] ha","hectare",5,0.5,{"v":0.78,"d":"0.8"},{"v":1,"d":"1.0"},3.9]
["Área das UPAs com (1, 2] ha","hectare","-","-","-","-","-"]
["Área das UPAs com (2, 5] ha","hectare",21,2.4,{"v":3.73,"d":"3.7"},4.8,78.3]
["Área das UPAs com (5, 10] ha","hectare",24,5.3,8.1,{"v":10,"d":"10.0"},194.4]
["Área das UPAs com (10, 20] ha","hectare",46,10.2,14.9,19.5,685.4]
["Área das UPAs com (20, 50] ha","hectare",61,20.5,{"v":30.92,"d":"30.9"},49.5,{"v":1886.4,"d":"1,886.4"}]
["Área das UPAs com (50, 100] ha","hectare",42,53.2,{"v":72.35,"d":"72.4"},{"v":100,"d":"100.0"},{"v":3038.7,"d":"3,038.7"}]
["Área das UPAs com (100, 200] ha","hectare",23,100.3,{"v":129.77,"d":"129.8"},192.9,{"v":2984.7,"d":"2,984.7"}]
["Área das UPAs com (200, 500] ha","hectare",16,200.8,{"v":315.63,"d":"315.6"},411.4,{"v":5050.1,"d":"5,050.1"}]
["Área das UPAs com (500, 1.000] ha","hectare",1,713.5,713.5,713.5,713.5]
["Área das UPAs com (1.000, 2.000] ha","hectare",2,{"v":1062,"d":"1,062.0"},{"v":1095.5,"d":"1,095.5"},{"v":1129,"d":"1,129.0"},{"v":2191,"d":"2,191.0"}]
["Área das UPAs com (2.000, 5.000] ha","hectare","-","-","-","-","-"]
["Área das UPAs com (5.000, 10.000] ha","hectare","-","-","-","-","-"]
["Área das UPAs acima de 10.000 ha","hectare","-","-","-","-","-"]
["Familiares do proprietário que trabalham na UPA","unidade",187,{"v":1,"d":"1.0"},{"v":1.36,"d":"1.4"},{"v":6,"d":"6.0"},{"v":255,"d":"255.0"}]
["Trabalhadores permanentes","unidade",61,{"v":1,"d":"1.0"},{"v":1.85,"d":"1.9"},{"v":6,"d":"6.0"},{"v":113,"d":"113.0"}]
["Fonte: Secretaria de Agricultura e Abastecimento, CDRS/IEA, Projeto LUPA."]
[]
["TABELA 442.2 - Explorações Animais, Município de Pongaí, Estado de São Paulo, 2007/08."]
["ITEM","UNIDADE","N.DE UPAs","MÍNIMO","MÉDIO","MÁXIMO","TOTAL"]
["Asininos E Muares","cabeças",9,{"v":1,"d":"1.0"},{"v":1.67,"d":"1.7"},{"v":3,"d":"3.0"},{"v":15,"d":"15.0"}]
["Avicultura Ornamental/Decorativa/Exótica","cabeças",2,{"v":20,"d":"20.0"},{"v":25,"d":"25.0"},{"v":30,"d":"30.0"},{"v":50,"d":"50.0"}]
["Bovinocultura de Corte","cabeças",83,{"v":6,"d":"6.0"},{"v":94.71,"d":"94.7"},{"v":614,"d":"614.0"},{"v":7861,"d":"7,861.0"}]
["Bovinocultura Leiteira","cabeças",48,{"v":2,"d":"2.0"},{"v":24.19,"d":"24.2"},{"v":100,"d":"100.0"},{"v":1161,"d":"1,161.0"}]
["Bovinocultura Mista","cabeças",75,{"v":4,"d":"4.0"},{"v":53.04,"d":"53.0"},{"v":450,"d":"450.0"},{"v":3978,"d":"3,978.0"}]
["Equinocultura","cabeças",124,{"v":1,"d":"1.0"},{"v":3.23,"d":"3.2"},{"v":60,"d":"60.0"},{"v":401,"d":"401.0"}]
["Ovinocultura","cabeças",5,{"v":12,"d":"12.0"},{"v":23,"d":"23.0"},{"v":30,"d":"30.0"},{"v":115,"d":"115.0"}]
["Suinocultura","cabeças",7,{"v":3,"d":"3.0"},{"v":6.57,"d":"6.6"},{"v":12,"d":"12.0"},{"v":46,"d":"46.0"}]
["Fonte: Secretaria de Agricultura e Abastecimento, CDRS/IEA, Projeto LUPA."]
[]
["TABELA 442.3 -  Máquinas, Implementos e Benfeitorias, Município de Pongaí, Estado de São Paulo, 2007/08."]
["ITEM","UNIDADE","N.DE UPAs","MÍNIMO","MÉDIO","MÁXIMO","TOTAL"]
["Arado Comum (Bacia, Aiveca)","Unidade",37,{"v":1,"d":"1.0"},{"v":1.19,"d":"1.2"},{"v":4,"d":"4.0"},{"v":44,"d":"44.0"}]
["Arado Escarificador","Unidade",38,{"v":1,"d":"1.0"},{"v":2.16,"d":"2.2"},{"v":12,"d":"12.0"},{"v":82,"d":"82.0"}]
["Arado Subsolador","Unidade",3,{"v":1,"d":"1.0"},{"v":1,"d":"1.0"},{"v":1,"d":"1.0"},{"v":3,"d":"3.0"}]
["Batedeira de Cereais","Unidade",2,{"v":1,"d":"1.0"},{"v":1,"d":"1.0"},{"v":1,"d":"1.0"},{"v":2,"d":"2.0"}]
["Carregadeira de Cana","Unidade",3,{"v":1,"d":"1.0"},{"v":1,"d":"1.0"},{"v":1,"d":"1.0"},{"v":3,"d":"3.0"}]
["Colhedeira Acoplada","Unidade",1,{"v":1,"d":"1.0"},{"v":1,"d":"1.0"},{"v":1,"d":"1.0"},{"v":1,"d":"1.0"}]
["Colhedeira Automotriz","Unidade",2,{"v":1,"d":"1.0"},{"v":1,"d":"1.0"},{"v":1,"d":"1.0"},{"v":2,"d":"2.0"}]
["Conj.Irrigação Autopropelido","Unidade",1,{"v":1,"d":"1.0"},{"v":1,"d":"1.0"},{"v":1,"d":"1.0"},{"v":1,"d":"1.0"}]
["Conj.Irrigação Convencional","Unidade",3,{"v":1,"d":"1.0"},{"v":1,"d":"1.0"},{"v":1,"d":"1.0"},{"v":3,"d":"3.0"}]
["Conj.Irrigação/Gotejamento/Microaspersão","Unidade",2,{"v":1,"d":"1.0"},{"v":1,"d":"1.0"},{"v":1,"d":"1.0"},{"v":2,"d":"2.0"}]
["Desintegrador, Picador, Triturador","Unidade",62,{"v":1,"d":"1.0"},{"v":1.06,"d":"1.1"},{"v":2,"d":"2.0"},{"v":66,"d":"66.0"}]
["Distribuidor de Calcário","Unidade",10,{"v":1,"d":"1.0"},1.1,{"v":2,"d":"2.0"},{"v":11,"d":"11.0"}]
["Ensiladeira","Unidade",8,{"v":1,"d":"1.0"},{"v":1.25,"d":"1.3"},{"v":2,"d":"2.0"},{"v":10,"d":"10.0"}]
["Grade Aradora (Tipo Romi)","Unidade",26,{"v":1,"d":"1.0"},{"v":1.23,"d":"1.2"},{"v":3,"d":"3.0"},{"v":32,"d":"32.0"}]
["Grade Niveladora","Unidade",24,{"v":1,"d":"1.0"},{"v":1.25,"d":"1.3"},{"v":5,"d":"5.0"},{"v":30,"d":"30.0"}]
["Implementos para Tração Animal","Unidade",2,{"v":1,"d":"1.0"},{"v":1,"d":"1.0"},{"v":1,"d":"1.0"},{"v":2,"d":"2.0"}]
["Misturador de Ração","Unidade",1,{"v":1,"d":"1.0"},{"v":1,"d":"1.0"},{"v":1,"d":"1.0"},{"v":1,"d":"1.0"}]
["Ordenhadeira Mecânica","Unidade",1,{"v":1,"d":"1.0"},{"v":1,"d":"1.0"},{"v":1,"d":"1.0"},{"v":1,"d":"1.0"}]
["Pulverizador Tratorizado","Unidade",18,{"v":1,"d":"1.0"},{"v":1.78,"d":"1.8"},{"v":5,"d":"5.0"},{"v":32,"d":"32.0"}]
["Roçadeira Tratorizada","Unidade",4,{"v":1,"d":"1.0"},{"v":2,"d":"2.0"},{"v":3,"d":"3.0"},{"v":8,"d":"8.0"}]
["Semeadeira/Adubadeira para Plantio Convencional","Unidade",5,{"v":1,"d":"1.0"},{"v":1,"d":"1.0"},{"v":1,"d":"1.0"},{"v":5,"d":"5.0"}]
["Semeadeira/Plantadeira Plantio Direto","Unidade",9,{"v":1,"d":"1.0"},{"v":1.11,"d":"1.1"},{"v":2,"d":"2.0"},{"v":10,"d":"10.0"}]
["Terraceador","Unidade",2,{"v":1,"d":"1.0"},{"v":1,"d":"1.0"},{"v":1,"d":"1.0"},{"v":2,"d":"2.0"}]
["Trator de Pneus","Unidade",90,{"v":1,"d":"1.0"},{"v":1.32,"d":"1.3"},{"v":6,"d":"6.0"},{"v":119,"d":"119.0"}]
["Açude/Represa","Unidade",67,{"v":1,"d":"1.0"},{"v":1.67,"d":"1.7"},{"v":8,"d":"8.0"},{"v":112,"d":"112.0"}]
["Armazém para Grãos Ensacados","Sacas",2,{"v":500,"d":"500.0"},{"v":1250,"d":"1,250.0"},{"v":2000,"d":"2,000.0"},{"v":2500,"d":"2,500.0"}]
["Barracão para Granja/Avicultura","Unidade",1,{"v":1,"d":"1.0"},{"v":1,"d":"1.0"},{"v":1,"d":"1.0"},{"v":1,"d":"1.0"}]
["Barracão/Galpão/Garagem","Unidade",102,{"v":1,"d":"1.0"},{"v":1.25,"d":"1.3"},{"v":3,"d":"3.0"},{"v":128,"d":"128.0"}]
["Casa de Moradia Habitada","Unidade",142,{"v":1,"d":"1.0"},{"v":1.58,"d":"1.6"},{"v":7,"d":"7.0"},{"v":224,"d":"224.0"}]
["Casa de Moradia Total","Unidade",179,{"v":1,"d":"1.0"},{"v":1.98,"d":"2.0"},{"v":16,"d":"16.0"},{"v":355,"d":"355.0"}]
["Curral/Mangueira","Unidade",141,{"v":1,"d":"1.0"},{"v":1.09,"d":"1.1"},{"v":6,"d":"6.0"},{"v":154,"d":"154.0"}]
["Depósito/Tulha","Unidade",110,{"v":1,"d":"1.0"},{"v":1.24,"d":"1.2"},{"v":4,"d":"4.0"},{"v":136,"d":"136.0"}]
["Engenho","Unidade",1,{"v":1,"d":"1.0"},{"v":1,"d":"1.0"},{"v":1,"d":"1.0"},{"v":1,"d":"1.0"}]
["Estábulo","Unidade",2,{"v":1,"d":"1.0"},{"v":1,"d":"1.0"},{"v":1,"d":"1.0"},{"v":2,"d":"2.0"}]
["Fábrica de Ração","Unidade",1,{"v":1,"d":"1.0"},{"v":1,"d":"1.0"},{"v":1,"d":"1.0"},{"v":1,"d":"1.0"}]
["Instalações para Equinos","Unidade",3,{"v":1,"d":"1.0"},{"v":1,"d":"1.0"},{"v":1,"d":"1.0"},{"v":3,"d":"3.0"}]
["Máquina de Benefício","Unidade",1,{"v":1,"d":"1.0"},{"v":1,"d":"1.0"},{"v":1,"d":"1.0"},{"v":1,"d":"1.0"}]
["Olaria","Unidade",2,{"v":1,"d":"1.0"},{"v":1,"d":"1.0"},{"v":1,"d":"1.0"},{"v":2,"d":"2.0"}]
["Poço Semi-Artesiano","Unidade",8,{"v":1,"d":"1.0"},{"v":1.25,"d":"1.3"},{"v":2,"d":"2.0"},{"v":10,"d":"10.0"}]
["Terreiro","m²",69,{"v":1,"d":"1.0"},{"v":288.07,"d":"288.1"},{"v":1000,"d":"1,000.0"},{"v":19877,"d":"19,877.0"}]
["Fonte: Secretaria de Agricultura e Abastecimento, CDRS/IEA, Projeto LUPA."]
[]
["TABELA 442.4 - Outras Estatísticas Agrícolas, Município de Pongaí, Estado de São Paulo, 2007/08."]
["ITEM","Número de UPAs",null,"Percentual"]
["Faz Parte de Associação de Produtores",57,null,{"v":23.651452282157678,"d":"23.7"}]
["Faz Parte de Cooperativa de Produtores",68,null,{"v":28.21576763485477,"d":"28.2"}]
["Faz Parte do Sindicato de Produtores",40,null,{"v":16.59751037344398,"d":"16.6"}]
["Não utiliza assistência técnica ",11,null,{"v":4.564315352697095,"d":"4.6"}]
["Utiliza somente assistência técnica governamental ",213,null,{"v":88.38174273858921,"d":"88.4"}]
["Utiliza somente assistência técnica privada ",3,null,{"v":1.2448132780082988,"d":"1.2"}]
["Utiliza assistência técnica tanto governamental quanto privada",14,null,{"v":5.809128630705395,"d":"5.8"}]
["Utiliza Crédito Rural",72,null,{"v":29.875518672199167,"d":"29.9"}]
["Utiliza Seguro Rural",6,null,{"v":2.4896265560165975,"d":"2.5"}]
["Utiliza Escrituração Agrícola",51,null,{"v":21.16182572614108,"d":"21.2"}]
["Acessa Internet p/ Fins na Agropecuária",18,null,{"v":7.4688796680497935,"d":"7.5"}]
["Utiliza Computador nas Atividades Agropecuárias",8,null,{"v":3.319502074688797,"d":"3.3"}]
["Utiliza Energia Elétrica Para Uso na Atividade Agrícola",202,null,{"v":83.81742738589212,"d":"83.8"}]
["Realiza Análise de Solo, quando necessário",35,null,{"v":14.522821576763485,"d":"14.5"}]
["Utiliza Práticas de Conservação de Solo, quando necessário",198,null,{"v":82.15767634854772,"d":"82.2"}]
["Faz Adubação Mineral, quando necessário",109,null,{"v":45.22821576763485,"d":"45.2"}]
["Faz Adubação Orgânica, quando necessário",64,null,{"v":26.55601659751037,"d":"26.6"}]
["Faz Adubação Verde, quando necessário",7,null,{"v":2.9045643153526974,"d":"2.9"}]
["Utiliza Manejo Integrado de Pragas (MIP)",1,null,{"v":0.4149377593360996,"d":"0.4"}]
["Utiliza Hidroponia","-",null,"-"]
["Utiliza Plasticultura","-",null,"-"]
["Utiliza Mudas Fiscalizadas",56,null,{"v":23.236514522821576,"d":"23.2"}]
["Utiliza Semente Melhorada",93,null,{"v":38.58921161825726,"d":"38.6"}]
["Faz Confinamento de Bovinos",3,null,{"v":1.2448132780082988,"d":"1.2"}]
["Utiliza Pastejo Intensivo",11,null,{"v":4.564315352697095,"d":"4.6"}]
["Faz Inseminação Artificial",3,null,{"v":1.2448132780082988,"d":"1.2"}]
["Faz Mineralização do Rebanho",155,null,{"v":64.31535269709543,"d":"64.3"}]
["Faz Vermifugação do Rebanho",156,null,{"v":64.73029045643153,"d":"64.7"}]
["Possui Parceiros /Arrendatários na Exploração Animal",20,null,{"v":8.29875518672199,"d":"8.3"}]
["Esporte e lazer","-",null,"-"]
["Extração mineral","-",null,"-"]
["Hotel Fazenda, Pousada ou SPA","-",null,"-"]
["Pesque-pague","-",null,"-"]
["Restaurante ou Lanchonete","-",null,"-"]
["Transformação artesanal","-",null,"-"]
["Turismo rural ou ecoturismo","-",null,"-"]
["Outras atividades econômicas rurais","-",null,"-"]
["Agroindústria","-",null,"-"]
["Proprietário sem instrução ou com instrução incompleta",14,null,{"v":5.809128630705395,"d":"5.8"}]
["Proprietário com antigo primário completo",72,null,{"v":29.875518672199167,"d":"29.9"}]
["Proprietário com 1° grau (ou antigo ginasial) completo",47,null,{"v":19.502074688796682,"d":"19.5"}]
["Proprietário com 2° grau (ou antigo colegial) completo",45,null,{"v":18.672199170124482,"d":"18.7"}]
["Proprietário com curso superior completo ",63,null,{"v":26.141078838174273,"d":"26.1"}]
["Pessoa Jurídica","-",null,"-"]
["Proprietário residente na própria UPA ",78,null,{"v":32.365145228215766,"d":"32.4"}]
["Fonte: Secretaria de Agricultura e Abastecimento, CDRS/IEA, Projeto LUPA."]
[]
["TABELA 442.5 - Área Cultivada, Município de Pongaí, Estado de São Paulo, 2007/08."]
["CULTURA","N.DE UPAs","MÍNIMO","MÉDIO","MÁXIMO","TOTAL"]
["Braquiaria",217,0.3,{"v":45.01,"d":"45.0"},384.1,{"v":9767.3,"d":"9,767.3"}]
["Cana-de-acucar",55,0.2,{"v":63.87,"d":"63.9"},983.7,{"v":3512.9,"d":"3,512.9"}]
["Laranja",14,7.5,{"v":82.71,"d":"82.7"},{"v":280,"d":"280.0"},{"v":1158,"d":"1,158.0"}]
["Eucalipto",39,0.3,{"v":10.16,"d":"10.2"},{"v":101,"d":"101.0"},396.1]
["Milho",8,4.1,{"v":19.38,"d":"19.4"},67.5,{"v":155,"d":"155.0"}]
["Amendoim",1,{"v":130,"d":"130.0"},{"v":130,"d":"130.0"},{"v":130,"d":"130.0"},{"v":130,"d":"130.0"}]
["Cafe",41,0.4,{"v":2.16,"d":"2.2"},7.8,88.6]
["Limao",1,26.8,26.8,26.8,26.8]
["Seringueira",1,12.1,12.1,12.1,12.1]
["Uva rustica",1,{"v":3,"d":"3.0"},{"v":3,"d":"3.0"},{"v":3,"d":"3.0"},{"v":3,"d":"3.0"}]
["Lima",1,1.8,1.8,1.8,1.8]
["Coco-da-baia",1,{"v":1,"d":"1.0"},{"v":1,"d":"1.0"},{"v":1,"d":"1.0"},{"v":1,"d":"1.0"}]
["Manga",1,0.5,0.5,0.5,0.5]
["Pomar domestico",1,0.2,0.2,0.2,0.2]
["Fonte: Secretaria de Agricultura e Abastecimento, CDRS/IEA, Projeto LUPA."]